FC Barcelona all time xi - Statistics

General Stats
  • This quiz has been taken 443 times
  • The average score is 9 of 11
Answer Stats
Hint Answer % Correct
FW(Argentina) Lionel Messi
100%
MF(Spain) Andrés Iniesta
96%
FW(Uruguay) Luis Suárez
96%
MF(Spain) Xavi
96%
DF(Spain) Carles Puyol
92%
DF(Spain) Gerard Pique
92%
DF(Brazil) Dani Alves
90%
GK(Spain) Victor Valdés
85%
DF(Spain) Jordi Alba
79%
MF(Brazil) Ronaldinho
79%
FW(Hungary) László Kubala
22%
No matching quizzes found
Score Distribution
Percent of People with Each Score
Percentile by Number Answered
Your Score History
You have not taken this quiz